000 01288nam a22003374a 4500
001 ebr10114025
003 CaPaEBR
006 m u
007 cr cn|||||||||
008 030422s2004 njua sb 001 0 eng
020 _z0471225924 (cloth : alk. paper)
040 _aCaPaEBR
_cCaPaEBR
035 _a(OCoLC)606162698
050 1 4 _aRC268.4
_b.O49 2004eb
082 0 4 _a616.99/4042
_221
245 0 0 _aOncogenomics
_h[electronic resource] :
_bmolecular approaches to cancer /
_cedited by Charles Brenner, David J. Duggan.
260 _aHoboken :
_bWiley-Liss,
_cc2004.
300 _axvi, 382 p. :
_bill.
504 _aIncludes bibliographical references and index.
533 _aElectronic reproduction.
_bPalo Alto, Calif. :
_cebrary,
_d2013.
_nAvailable via World Wide Web.
_nAccess may be limited to ebrary affiliated libraries.
650 0 _aCancer
_xGenetic aspects.
650 0 _aCancer
_xMolecular aspects.
650 0 _aGenomics.
650 0 _aProteomics.
650 0 _aOncogenes.
655 7 _aElectronic books.
_2local
700 1 _aBrenner, Charles,
_d1913-2008.
700 1 _aDuggan, David.
710 2 _aebrary, Inc.
856 4 0 _uhttp://site.ebrary.com/lib/rucke/Doc?id=10114025
_zAn electronic book accessible through the World Wide Web; click to view
999 _c209736
_d209736